UBT Library

Insurgency, 1971 : (Record no. 163)

000 -LEADER
fixed length control field 00772cam a2200217 i 4500
005 - DATE AND TIME OF LATEST TRANSACTION
control field 20131028062848.0
008 - FIXED-LENGTH DATA ELEMENTS--GENERAL INFORMATION
fixed length control field 830524s1979 xx abf 001 0 eng d
041 0# - LANGUAGE CODE
Language code of text/sound track or separate title eng
080 ## - UNIVERSAL DECIMAL CLASSIFICATION NUMBER
Universal Decimal Classification number 323.269.9
Common auxiliary subdivision (548.7)
100 1# - Rafti
Rafti Alles, A. C.,
100 1# - Rafti
-- 1911-
245 10 - TITLE STATEMENT
Title Insurgency, 1971 :
Statement of responsibility, etc by A. C. Alles.
250 ## -
-- 3d. ed., rev. and enl.
260 ## -
-- [s.l. :
-- s.n.],
-- 1979
-- (Colombo :
-- Colombo Apothecaries' Co.)
300 ## -
-- viii, 296, xxviii p., [5] leaves of plates :
-- ill., maps ;
-- 22 cm.
500 ## -
-- Preface : f. VII - VIII
500 ## -
-- Includes index.
504 ## - BIBLIOGRAPHY, ETC. NOTE
Bibliography, etc Bibliography: p. 296.
650 ## -
-- Kryengritja
-- Historia
-- 1971
-- Sri Lanka
651 #0 -
-- Sri Lanka
-- Historia
-- Rebelimi, 1971.
942 ## - ADDED ENTRY ELEMENTS (KOHA)
Source of classification or shelving scheme
Item type Books
Holdings
Withdrawn status Lost status Source of classification or shelving scheme Damaged status Not for loan Collection code Permanent location Current location Shelving location Date acquired Total Checkouts Full call number Barcode Date last seen Price effective from Koha item type
          Koleksioni i përgjithshem UBT - Prishtine UBT - Prishtine Koleksioni i përgjithshem 10/28/2013   323.269.9 (548.7) ALLE 001-000179 10/28/2013 10/28/2013 Books
UBT Library © 2015-2024. All rights reserved University Education for Business and Technology